[Event "National Elementary Championship"]
[Site "Columbus, Ohio, United States"]
[Date "2022.05.14"]
[Round "5.6"]
[White "Rao, Anjaneya"]
[Black "Boydell, Oliver"]
[Result "1-0"]
[TimeControl "G/90;d5"]
[WhiteElo "1945"]
[BlackElo "1760"]

1. e4 {[%clk 01:30:00]} {[%emt 00:00:15]} c5 {[%clk 01:29:51]} {[%emt
00:00:06]} 2. Nf3 {[%clk 01:29:57]} {[%emt 00:00:07]} g6 {[%clk 01:29:46]}
{[%emt 00:00:19]} 3. d4 {[%clk 01:29:26]} {[%emt 00:00:28]} cxd4 {[%clk
01:29:46]} {[%emt 00:00:11]} 4. Nxd4 {[%clk 01:29:10]} {[%emt 00:00:09]} Nc6
{[%clk 01:29:37]} {[%emt 00:00:18]} 5. Nxc6 {[%clk 01:28:18]} {[%emt 00:00:53]}
bxc6 {[%clk 01:29:37]} {[%emt 00:00:19]} 6. g3 {[%clk 01:27:31]} {[%emt
00:00:39]} Bg7 {[%clk 01:28:32]} {[%emt 00:01:07]} 7. Bg2 {[%clk 01:27:05]}
{[%emt 00:00:37]} Ba6 {[%clk 01:27:49]} {[%emt 00:00:42]} 8. c3 {[%clk
01:23:32]} {[%emt 00:03:38]} Qc7 {[%clk 01:24:37]} {[%emt 00:03:17]} 9. Be3
{[%clk 01:18:08]} {[%emt 00:05:30]} Nf6 {[%clk 01:22:53]} {[%emt 00:02:11]} 10.
Na3 {[%clk 01:13:18]} {[%emt 00:05:04]} O-O {[%clk 01:20:55]} {[%emt 00:01:35]}
11. Qa4 {[%clk 01:11:47]} {[%emt 00:01:32]} Bb7 {[%clk 01:17:11]} {[%emt
00:03:49]} 12. O-O {[%clk 01:09:43]} {[%emt 00:02:13]} Ng4 {[%clk 01:13:18]}
{[%emt 00:04:01]} 13. Bf4 {[%clk 01:06:52]} {[%emt 00:02:48]} d6 {[%clk
01:11:40]} {[%emt 00:01:44]} 14. h3 {[%clk 01:06:01]} {[%emt 00:00:55]} Ne5
{[%clk 01:10:26]} {[%emt 00:01:22]} 15. Rfd1 {[%clk 01:02:03]} {[%emt
00:04:01]} a5 {[%clk 01:05:52]} {[%emt 00:04:44]} 16. Nc4 {[%clk 00:54:55]}
{[%emt 00:07:10]} Nxc4 {[%clk 01:05:02]} {[%emt 00:00:51]} 17. Qxc4 {[%clk
00:54:47]} {[%emt 00:00:17]} Ba6 {[%clk 01:03:31]} {[%emt 00:01:32]} 18. Qa4
{[%clk 00:53:11]} {[%emt 00:01:44]} Rab8 {[%clk 01:02:13]} {[%emt 00:01:30]} 19.
Rd2 {[%clk 00:47:06]} {[%emt 00:06:03]} Rb7 {[%clk 00:59:01]} {[%emt 00:03:16]}
20. Rad1 {[%clk 00:44:50]} {[%emt 00:02:18]} Rfb8 {[%clk 00:56:18]} {[%emt
00:02:48]} 21. Qa3 {[%clk 00:43:50]} {[%emt 00:01:07]} Bc4 {[%clk 00:48:42]}
{[%emt 00:07:38]} 22. b3 {[%clk 00:38:11]} {[%emt 00:05:44]} Bxb3 {[%clk
00:41:59]} {[%emt 00:07:06]} 23. axb3 {[%clk 00:35:56]} {[%emt 00:02:02]} Bxc3
{[%clk 00:39:37]} {[%emt 00:02:26]} 24. Rc2 {[%clk 00:35:16]} {[%emt 00:00:44]}
Rxb3 {[%clk 00:37:57]} {[%emt 00:01:45]} 25. Qc1 {[%clk 00:34:43]} {[%emt
00:00:45]} Rb1 {[%clk 00:36:53]} {[%emt 00:01:03]} 26. Qxb1 {[%clk 00:33:37]}
{[%emt 00:01:11]} Rxb1 {[%clk 00:36:52]} {[%emt 00:00:09]} 27. Rxb1 {[%clk
00:33:36]} {[%emt 00:00:11]} Bb4 {[%clk 00:29:50]} {[%emt 00:07:00]} 28. Bd2
{[%clk 00:26:14]} {[%emt 00:07:27]} Qb6 {[%clk 00:25:23]} {[%emt 00:04:35]} 29.
Bxb4 {[%clk 00:19:25]} {[%emt 00:06:51]} axb4 {[%clk 00:25:21]} {[%emt
00:00:21]} 30. e5 {[%clk 00:17:48]} {[%emt 00:01:27]} c5 {[%clk 00:23:44]}
{[%emt 00:01:42]} 31. exd6 {[%clk 00:17:36]} {[%emt 00:00:18]} exd6 {[%clk
00:22:39]} {[%emt 00:01:08]} 32. Bd5 {[%clk 00:16:16]} {[%emt 00:01:27]} Kf8
{[%clk 00:19:43]} {[%emt 00:02:59]} 33. Re2 {[%clk 00:15:00]} {[%emt 00:01:21]}
Qb5 {[%clk 00:18:44]} {[%emt 00:01:14]} 34. Rd2 {[%clk 00:08:03]} {[%emt
00:06:52]} c4 {[%clk 00:17:56]} {[%emt 00:00:56]} 35. Bxc4 {[%clk 00:06:50]}
{[%emt 00:01:50]} Qxc4 {[%clk 00:17:52]} 36. Rxd6 {[%clk 00:06:50]} Qe4 {[%clk
00:15:51]} {[%emt 00:01:49]} 37. Rdd1 {[%clk 00:05:50]} {[%emt 00:01:04]} Qc4
{[%clk 00:13:55]} {[%emt 00:01:57]} 38. Rd8+ {[%clk 00:05:39]} {[%emt
00:00:39]} Ke7 {[%clk 00:12:52]} {[%emt 00:00:46]} 39. Rb8 {[%clk 00:05:36]}
{[%emt 00:00:14]} Qe6 {[%clk 00:11:25]} {[%emt 00:01:29]} 40. h4 {[%clk
00:05:18]} {[%emt 00:00:22]} Qe2 {[%clk 00:09:41]} {[%emt 00:01:47]} 41. R8xb4
{[%clk 00:04:20]} {[%emt 00:01:04]} f5 {[%clk 00:09:11]} {[%emt 00:00:36]} 42.
Rb7+ {[%clk 00:03:57]} {[%emt 00:00:27]} Kd6 {[%clk 00:07:58]} {[%emt
00:01:16]} 43. R1b4 {[%clk 00:02:22]} {[%emt 00:01:41]} Kc5 {[%clk 00:07:01]}
{[%emt 00:01:02]} 44. Rf4 {[%clk 00:02:13]} {[%emt 00:00:20]} Qd1+ {[%clk
00:06:47]} {[%emt 00:00:15]} 45. Kh2 {[%clk 00:02:13]} {[%emt 00:00:03]} h6
{[%clk 00:05:53]} {[%emt 00:00:57]} 46. Rc7+ {[%clk 00:02:06]} {[%emt
00:00:31]} Kd6 {[%clk 00:05:27]} {[%emt 00:00:11]} 47. Rg7 {[%clk 00:02:04]}
{[%emt 00:00:11]} g5 {[%clk 00:04:44]} {[%emt 00:00:44]} 48. hxg5 {[%clk
00:01:59]} {[%emt 00:00:10]} Qh5+ {[%clk 00:04:34]} {[%emt 00:00:41]} 49. Kg2
{[%clk 00:01:32]} {[%emt 00:00:06]} hxg5 {[%clk 00:04:09]} {[%emt 00:00:31]} 50.
Rxf5 {[%clk 00:01:32]} {[%emt 00:00:15]} Qe2 {[%clk 00:03:53]} {[%emt
00:00:12]} 51. Rgxg5 {[%clk 00:01:27]} {[%emt 00:00:14]} Qe4+ {[%clk 00:03:33]}
{[%emt 00:00:21]} 52. Rf3 {[%clk 00:01:27]} {[%emt 00:00:04]} Qe7 {[%clk
00:03:05]} {[%emt 00:00:28]} 53. Rgf5 {[%clk 00:01:22]} {[%emt 00:00:14]} Qe4
{[%clk 00:02:58]} {[%emt 00:00:07]} 54. R5f4 {[%clk 00:01:22]} {[%emt
00:00:32]} Qe5 {[%clk 00:02:33]} {[%emt 00:00:04]} 55. g4 {[%clk 00:01:09]}
{[%emt 00:00:14]} Qg5 {[%clk 00:02:21]} {[%emt 00:00:18]} 56. Rd4+ {[%clk
00:01:06]} {[%emt 00:00:23]} Ke6 {[%clk 00:02:12]} {[%emt 00:00:05]} 57. Re4+
{[%clk 00:00:59]} {[%emt 00:00:09]} Kd6 {[%clk 00:02:10]} {[%emt 00:00:04]} 58.
Rg3 {[%clk 00:00:48]} {[%emt 00:00:19]} Qd5 {[%clk 00:02:08]} {[%emt 00:00:10]}
59. Rge3 {[%clk 00:00:22]} {[%emt 00:00:26]} Qg5 {[%clk 00:02:02]} {[%emt
00:00:35]} 60. f3 {[%clk 00:00:22]} Qh4 {[%clk 00:01:51]} {[%emt 00:00:04]} 61.
Re6+ {[%clk 00:00:18]} {[%emt 00:00:03]} Kd7 {[%clk 00:01:51]} 62. R6e5 {[%clk
00:00:14]} {[%emt 00:00:09]} Qf6 {[%clk 00:01:34]} {[%emt 00:00:24]} 63. Re7+
{[%clk 00:00:13]} {[%emt 00:00:06]} Kd8 {[%clk 00:01:34]} {[%emt 00:00:07]} 64.
Re2 {[%clk 00:00:13]} {[%emt 00:00:04]} Qg5 {[%clk 00:01:34]} 65. Ra7 {[%clk
00:00:13]} {[%emt 00:00:07]} Qf4 {[%clk 00:01:17]} {[%emt 00:00:18]} 66. Rh7
{[%clk 00:00:13]} {[%emt 00:00:36]} Qg5 {[%clk 00:01:14]} 67. Ra2 {[%clk
00:00:13]} {[%emt 00:00:06]} Qd5 {[%clk 00:00:50]} {[%emt 00:00:05]} 68. Rf2
{[%clk 00:00:13]} {[%emt 00:00:07]} Ke8 {[%clk 00:00:48]} {[%emt 00:00:05]} 69.
Rb2 {[%clk 00:00:13]} {[%emt 00:00:06]} Qe5 {[%clk 00:00:25]} {[%emt 00:00:25]}
70. Rc2 {[%clk 00:00:06]} {[%emt 00:00:20]} Kd8 {[%clk 00:00:23]} {[%emt
00:00:14]} 71. Rh5 {[%clk 00:00:06]} Qf6 {[%clk 00:00:22]} 72. Re2 {[%clk
00:00:06]} Kd7 {[%clk 00:00:22]} 73. Rh3 {[%clk 00:00:06]} {[%emt 00:00:09]}
Qg5 {[%clk 00:00:22]} {[%emt 00:00:20]} 74. Rg3 {[%clk 00:00:06]} {[%emt
00:00:03]} Kd6 {[%clk 00:00:22]} 75. Rf2 {[%clk 00:00:06]} Ke6 {[%clk
00:00:19]} 76. f4 {[%clk 00:00:06]} Qd5+ {[%clk 00:00:19]} {[%emt 00:00:04]} 77.
Rgf3 {[%clk 00:00:06]} {[%emt 00:00:06]} Kf6 {[%clk 00:00:19]} 78. g5+ {[%clk
00:00:06]} {[%emt 00:00:04]} Kf5 {[%clk 00:00:10]} {[%emt 00:00:11]} 79. Kg3
{[%clk 00:00:05]} {[%emt 00:01:32]} Qd4 {[%clk 00:00:04]} 80. Kg2 {[%clk
00:00:05]} Qe4 {[%clk 00:00:04]} 81. Ra2 {[%clk 00:00:05]} Qb4 {[%clk
00:00:04]} 82. Re2 Qc4 {[%clk 00:00:04]} 83. Re5+ {[%clk 00:00:05]} Kg6 {[%clk
00:00:04]} 84. f5+ {[%clk 00:00:03]} Kxg5 {[%clk 00:00:04]} 85. f6+ {[%clk
00:00:03]} Kg6 {[%clk 00:00:04]} 86. f7 {[%clk 00:00:03]} Qa2+ {[%clk
00:00:04]} 87. Kg3 {[%clk 00:00:03]} Qb2 {[%clk 00:00:03]} 88. f8=Q {[%clk
00:00:03]} Qxe5+ {[%clk 00:00:03]} 89. Qf4 {[%clk 00:00:03]} {[%emt 00:00:07]}
Qb2 {[%clk 00:00:03]} 90. Qg4+ {[%clk 00:00:03]} Kh6 {[%clk 00:00:03]} 91. Qf4+
{[%clk 00:00:03]} {[%emt 00:00:04]} Kg6 {[%clk 00:00:03]} 92. Qf5+ {[%clk
00:00:03]} Kg7 {[%clk 00:00:03]} 93. Qd7+ {[%clk 00:00:03]} Kg6 {[%clk
00:00:03]} {[%emt 00:00:04]} 94. Qf7+ {[%clk 00:00:03]} Kg5 {[%clk 00:00:03]}
95. Qg8+ {[%clk 00:00:03]} Kh6 {[%clk 00:00:03]} 96. Qg4 {[%clk 00:00:03]}
{[%emt 00:00:07]} Qb5 {[%clk 00:00:01]} {[%emt 00:00:07]} 97. Rf6+ {[%clk
00:00:03]} Kh7 {[%clk 00:00:01]} {[%emt 00:00:04]} 98. Qg6+ {[%clk 00:00:03]}
Kh8 {[%clk 00:00:01]} {[%emt 00:00:03]} 99. Rf8# {[%clk 00:00:03]} 1-0

[Event "National Elementary Championship"]
[Site "Columbus, Ohio, United States"]
[Date "2022.05.14"]
[Round "5.7"]
[White "Venkatesh, Narayan"]
[Black "Kamesh, Vidyuth"]
[Result "1/2-1/2"]
[TimeControl "G/90;d5"]
[WhiteElo "1933"]
[BlackElo "1684"]

1. d4 {[%clk 01:30:00]} Nf6 {[%clk 01:29:55]} {[%emt 00:00:10]} 2. c4 {[%clk
01:30:00]} {[%emt 00:00:06]} e6 {[%clk 01:29:53]} {[%emt 00:00:06]} 3. Nc3
{[%clk 01:30:00]} {[%emt 00:00:05]} d5 {[%clk 01:29:53]} {[%emt 00:00:06]} 4.
cxd5 {[%clk 01:30:00]} {[%emt 00:00:05]} exd5 {[%clk 01:29:51]} {[%emt
00:00:06]} 5. Bg5 {[%clk 01:30:00]} {[%emt 00:00:06]} Be7 {[%clk 01:29:49]}
{[%emt 00:00:06]} 6. e3 {[%clk 01:30:00]} {[%emt 00:00:03]} c6 {[%clk
01:29:19]} {[%emt 00:00:35]} 7. Qc2 {[%clk 01:30:00]} {[%emt 00:00:03]} h6
{[%clk 01:29:03]} {[%emt 00:00:21]} 8. Bh4 {[%clk 01:29:52]} {[%emt 00:00:12]}
Nbd7 {[%clk 01:28:22]} {[%emt 00:00:47]} 9. Bd3 {[%clk 01:29:42]} {[%emt
00:00:14]} O-O {[%clk 01:27:26]} {[%emt 00:01:02]} 10. Nf3 {[%clk 01:29:14]}
{[%emt 00:00:32]} Re8 {[%clk 01:27:20]} {[%emt 00:00:11]} 11. O-O {[%clk
01:27:13]} {[%emt 00:02:07]} Ne4 {[%clk 01:21:53]} {[%emt 00:05:33]} 12. Bxe7
{[%clk 01:26:51]} {[%emt 00:00:26]} Qxe7 {[%clk 01:21:48]} {[%emt 00:00:10]} 13.
Bxe4 {[%clk 01:26:12]} {[%emt 00:00:44]} dxe4 {[%clk 01:21:44]} {[%emt
00:00:10]} 14. Nd2 {[%clk 01:26:11]} {[%emt 00:00:05]} Nf6 {[%clk 01:21:38]}
{[%emt 00:00:10]} 15. Rfe1 {[%clk 01:06:47]} {[%emt 00:19:30]} Bf5 {[%clk
01:16:47]} {[%emt 00:04:56]} 16. Rac1 {[%clk 00:57:19]} {[%emt 00:09:29]} Rac8
{[%clk 01:12:46]} {[%emt 00:04:11]} 17. a3 {[%clk 00:42:48]} {[%emt 00:14:36]}
Nd5 {[%clk 01:02:04]} {[%emt 00:10:46]} 18. Nxd5 {[%emt 00:04:12]} cxd5 {[%clk
01:01:59]} 19. Qb3 {[%clk 00:38:51]} {[%emt 00:00:03]} Be6 {[%clk 00:58:09]}
{[%emt 00:03:58]} 20. Rxc8 {[%clk 00:26:25]} {[%emt 00:12:32]} Rxc8 {[%clk
00:58:00]} {[%emt 00:00:13]} 21. f3 {[%clk 00:19:07]} {[%emt 00:07:23]} f5
{[%clk 00:54:11]} {[%emt 00:03:53]} 22. Rf1 {[%clk 00:16:07]} {[%emt 00:03:03]}
b6 {[%clk 00:49:07]} 1/2-1/2

[Event "National Elementary Championship"]
[Site "Columbus, Ohio, United States"]
[Date "2022.05.14"]
[Round "5.8"]
[White "Moorhouse, Will"]
[Black "Bondalapati, Sri"]
[Result "1-0"]
[TimeControl "G/90;d5"]
[WhiteElo "1740"]
[BlackElo "1919"]

1. d4 {[%clk 01:29:57]} {[%emt 00:00:07]} e6 {[%clk 01:29:58]} {[%emt
00:00:08]} 2. c4 {[%clk 01:29:54]} {[%emt 00:00:07]} d5 {[%clk 01:29:53]}
{[%emt 00:00:10]} 3. Nf3 {[%clk 01:29:52]} {[%emt 00:00:08]} c6 {[%clk
01:29:46]} {[%emt 00:00:12]} 4. e3 {[%clk 01:29:37]} {[%emt 00:00:19]} Nf6
{[%clk 01:29:44]} {[%emt 00:00:08]} 5. Nc3 {[%clk 01:29:27]} {[%emt 00:00:15]}
Bd6 {[%clk 01:29:33]} {[%emt 00:00:16]} 6. Bd3 {[%clk 01:29:19]} {[%emt
00:00:13]} Nbd7 {[%clk 01:29:29]} {[%emt 00:00:09]} 7. O-O {[%clk 01:28:57]}
{[%emt 00:00:26]} O-O {[%clk 01:29:28]} {[%emt 00:00:07]} 8. h3 {[%clk
01:28:32]} {[%emt 00:00:29]} Re8 {[%clk 01:28:58]} {[%emt 00:00:36]} 9. e4
{[%clk 01:28:03]} {[%emt 00:00:33]} dxe4 {[%clk 01:28:15]} {[%emt 00:00:48]} 10.
Nxe4 {[%clk 01:27:59]} {[%emt 00:00:09]} Nxe4 {[%clk 01:28:12]} {[%emt
00:00:09]} 11. Bxe4 {[%clk 01:27:56]} {[%emt 00:00:07]} Nf6 {[%clk 01:27:47]}
{[%emt 00:00:30]} 12. Bc2 {[%clk 01:27:07]} {[%emt 00:00:54]} h6 {[%clk
01:27:42]} {[%emt 00:00:11]} 13. Re1 {[%clk 01:25:44]} {[%emt 00:01:28]} c5
{[%clk 01:26:00]} {[%emt 00:01:47]} 14. dxc5 {[%clk 01:25:14]} {[%emt
00:00:34]} Bxc5 {[%clk 01:25:55]} {[%emt 00:00:09]} 15. Be3 {[%clk 01:24:18]}
{[%emt 00:00:44]} Bxe3 {[%clk 01:25:14]} {[%emt 00:01:05]} 16. Rxe3 {[%clk
01:24:13]} {[%emt 00:00:09]} Qc7 {[%clk 01:24:59]} {[%emt 00:00:21]} 17. Ne5
{[%clk 01:22:12]} {[%emt 00:02:05]} b6 {[%clk 01:21:14]} {[%emt 00:03:51]} 18.
Ng4 {[%clk 01:18:30]} {[%emt 00:03:43]} Nxg4 {[%clk 01:21:01]} {[%emt
00:00:21]} 19. Qxg4 {[%clk 01:18:22]} {[%emt 00:00:12]} Bb7 {[%clk 01:19:18]}
{[%emt 00:01:50]} 20. Rg3 {[%clk 01:14:22]} {[%emt 00:03:53]} f5 {[%clk
01:17:16]} {[%emt 00:02:19]} 21. Qg6 {[%clk 01:13:53]} {[%emt 00:00:32]} Kh8
{[%clk 01:17:06]} {[%emt 00:00:17]} 22. Re1 {[%clk 01:13:10]} {[%emt 00:00:47]}
Qd7 {[%clk 01:16:22]} {[%emt 00:00:51]} 23. Ba4 {[%clk 01:11:27]} {[%emt
00:01:49]} Qe7 {[%clk 01:13:25]} {[%emt 00:03:02]} 24. Rxe6 {[%clk 01:10:00]}
{[%emt 00:01:32]} f4 {[%clk 01:06:25]} {[%emt 00:07:05]} 25. Rxe7 {[%clk
01:08:22]} {[%emt 00:01:43]} Rxe7 {[%clk 01:06:22]} {[%emt 00:00:07]} 26. Rg4
{[%clk 01:07:55]} {[%emt 00:00:31]} f3 {[%clk 01:06:20]} {[%emt 00:00:08]} 27.
Bc2 {[%clk 01:06:57]} {[%emt 00:01:03]} 1-0

[Event "National Elementary Championship"]
[Site "Columbus, Ohio, United States"]
[Date "2022.05.14"]
[Round "5.9"]
[White "Muthukumaran, Gurru"]
[Black "Murugan, Ayyappan"]
[Result "1-0"]
[TimeControl "G/90;d5"]
[WhiteElo "1881"]
[BlackElo "1691"]

1. e4 {[%clk 01:30:00]} {[%emt 00:00:03]} e5 {[%clk 01:30:00]} {[%emt
00:00:04]} 2. Nf3 {[%clk 01:30:00]} {[%emt 00:00:06]} Nc6 {[%clk 01:30:00]}
{[%emt 00:00:03]} 3. d4 {[%clk 01:30:00]} {[%emt 00:00:06]} exd4 {[%clk
01:30:00]} {[%emt 00:00:06]} 4. Nxd4 {[%clk 01:30:00]} {[%emt 00:00:03]} Bc5
{[%clk 01:29:59]} {[%emt 00:00:06]} 5. Nb3 {[%clk 01:30:00]} {[%emt 00:00:06]}
Bb6 {[%clk 01:29:50]} {[%emt 00:00:11]} 6. Nc3 {[%clk 01:30:00]} {[%emt
00:00:06]} d6 {[%clk 01:29:34]} {[%emt 00:00:24]} 7. Qe2 {[%clk 01:30:00]}
{[%emt 00:00:07]} Nf6 {[%clk 01:28:32]} {[%emt 00:01:00]} 8. Be3 {[%clk
01:29:29]} {[%emt 00:00:38]} Be6 {[%clk 01:27:06]} {[%emt 00:01:33]} 9. f3
{[%clk 01:28:44]} {[%emt 00:00:47]} Ne5 {[%clk 01:25:22]} {[%emt 00:01:48]} 10.
O-O-O {[%clk 01:27:17]} {[%emt 00:01:39]} Bc4 {[%clk 01:24:25]} {[%emt
00:00:55]} 11. Qe1 {[%clk 01:25:48]} {[%emt 00:01:35]} Bxf1 {[%clk 01:23:28]}
{[%emt 00:01:29]} 12. Rxf1 {[%clk 01:25:07]} {[%emt 00:00:19]} Nc4 {[%clk
01:19:36]} {[%emt 00:03:56]} 13. Bxb6 {[%clk 01:24:01]} {[%emt 00:01:13]} axb6
{[%clk 01:19:11]} {[%emt 00:00:28]} 14. e5 {[%clk 01:20:36]} {[%emt 00:03:38]}
Nd7 {[%clk 01:13:27]} {[%emt 00:05:43]} 15. exd6+ {[%clk 01:19:44]} {[%emt
00:01:05]} Kf8 {[%clk 01:12:45]} {[%emt 00:00:43]} 16. dxc7 {[%clk 01:18:31]}
{[%emt 00:01:46]} Qxc7 {[%clk 01:12:25]} {[%emt 00:00:03]} 17. Nd5 {[%clk
01:14:05]} {[%emt 00:04:18]} Qe5 {[%clk 01:02:42]} {[%emt 00:09:47]} 18. Qb4+
{[%clk 01:12:43]} {[%emt 00:01:34]} Nd6 {[%clk 01:02:30]} {[%emt 00:00:14]} 19.
Nc7 {[%clk 01:07:36]} {[%emt 00:05:10]} Rc8 {[%clk 00:53:06]} {[%emt 00:09:29]}
20. Rxd6 {[%clk 01:07:07]} {[%emt 00:00:32]} Nc5 {[%clk 00:52:09]} {[%emt
00:01:08]} 21. Qxb6 {[%clk 01:02:45]} {[%emt 00:04:33]} Na4 {[%clk 00:36:40]}
{[%emt 00:15:23]} 22. Qd4 {[%clk 01:01:23]} {[%emt 00:01:27]} Qxd4 {[%clk
00:28:19]} {[%emt 00:08:29]} 23. Rxd4 {[%clk 01:00:03]} {[%emt 00:01:25]} Nb6
{[%clk 00:27:18]} {[%emt 00:01:09]} 24. Rfd1 {[%clk 00:59:40]} {[%emt
00:00:26]} Ke7 {[%clk 00:26:18]} {[%emt 00:01:04]} 25. Re4+ {[%clk 00:59:06]}
{[%emt 00:00:51]} Kf6 {[%clk 00:25:18]} {[%emt 00:01:05]} 26. Rd6+ {[%clk
00:58:42]} {[%emt 00:00:18]} Kg5 {[%clk 00:24:38]} {[%emt 00:00:43]} 27. h4+
{[%clk 00:58:09]} {[%emt 00:00:46]} Kh5 {[%clk 00:24:23]} {[%emt 00:00:10]} 28.
g3 {[%clk 00:57:09]} {[%emt 00:01:06]} g6 {[%clk 00:24:20]} {[%emt 00:00:34]}
29. Rxb6 {[%clk 00:56:56]} {[%emt 00:00:07]} Rxc7 {[%clk 00:24:15]} {[%emt
00:00:03]} 30. Nd4 {[%clk 00:56:15]} {[%emt 00:00:39]} Rd7 {[%clk 00:22:32]}
{[%emt 00:01:45]} 31. Re5+ {[%clk 00:56:07]} {[%emt 00:00:40]} f5 {[%clk
00:22:11]} {[%emt 00:00:03]} 32. Nxf5 {[%clk 00:55:36]} {[%emt 00:00:35]} Rd1+
{[%clk 00:20:42]} {[%emt 00:01:31]} 33. Kxd1 {[%clk 00:55:33]} {[%emt
00:00:15]} Rd8+ {[%clk 00:20:42]} 34. Ke2 {[%clk 00:55:18]} {[%emt 00:00:27]}
Rd2+ {[%clk 00:20:30]} {[%emt 00:00:07]} 35. Kxd2 {[%clk 00:55:15]} {[%emt
00:00:11]} gxf5 {[%clk 00:20:29]} {[%emt 00:00:08]} 36. Rxf5# {[%clk 00:55:06]}
{[%emt 00:00:06]} 1-0

[Event "National Elementary Championship"]
[Site "Columbus, Ohio, United States"]
[Date "2022.05.14"]
[Round "5.10"]
[White "Harish, Neeraj"]
[Black "Kazan, Jude"]
[Result "1-0"]
[TimeControl "G/90;d5"]
[WhiteElo "2137"]
[BlackElo "1854"]

1. e4 {[%clk 01:29:59]} c6 {[%clk 01:30:00]} {[%emt 00:00:09]} 2. d4 {[%clk
01:29:56]} d5 {[%clk 01:30:00]} {[%emt 00:00:07]} 3. e5 {[%clk 01:29:44]}
{[%emt 00:00:24]} c5 {[%clk 01:29:55]} 4. dxc5 {[%clk 01:29:42]} {[%emt
00:00:13]} Nc6 {[%clk 01:29:55]} 5. f4 {[%clk 01:29:37]} {[%emt 00:00:14]} e6
{[%clk 01:29:34]} {[%emt 00:00:14]} 6. Be3 {[%clk 01:29:10]} {[%emt 00:00:31]}
d4 {[%clk 01:28:50]} {[%emt 00:00:57]} 7. Bf2 {[%clk 01:29:10]} {[%emt
00:00:07]} Bxc5 {[%clk 01:27:49]} {[%emt 00:00:59]} 8. Nf3 {[%clk 01:28:20]}
{[%emt 00:00:54]} Nh6 {[%clk 01:16:10]} {[%emt 00:11:47]} 9. Bd3 {[%clk
01:14:44]} {[%emt 00:13:36]} Qb6 {[%clk 01:12:19]} {[%emt 00:04:32]} 10. Nbd2
{[%clk 01:12:04]} {[%emt 00:02:11]} Ng4 {[%clk 01:04:33]} {[%emt 00:07:58]} 11.
Qe2 {[%clk 01:07:00]} {[%emt 00:05:02]} Qxb2 {[%clk 00:41:57]} {[%emt
00:22:41]} 12. O-O {[%clk 01:06:49]} {[%emt 00:00:14]} Nxf2 {[%clk 00:40:43]}
{[%emt 00:01:18]} 13. Qxf2 {[%clk 01:06:43]} {[%emt 00:00:19]} Nb4 {[%clk
00:38:44]} {[%emt 00:01:58]} 14. Bb5+ {[%clk 00:53:55]} {[%emt 00:12:52]} Bd7
{[%clk 00:34:03]} {[%emt 00:04:46]} 15. Bxd7+ {[%clk 00:53:05]} {[%emt
00:00:57]} Kxd7 {[%clk 00:33:58]} {[%emt 00:00:10]} 16. Rab1 {[%clk 00:51:25]}
{[%emt 00:02:03]} Qc3 {[%clk 00:16:38]} {[%emt 00:17:05]} 17. Ne4 {[%clk
00:46:32]} {[%emt 00:04:57]} Qc4 {[%clk 00:15:59]} {[%emt 00:00:44]} 18. Nxc5+
{[%clk 00:46:01]} {[%emt 00:00:50]} Qxc5 {[%clk 00:15:58]} 19. Rfd1 {[%clk
00:43:19]} {[%emt 00:02:52]} Kc7 {[%clk 00:11:43]} {[%emt 00:04:06]} 20. Nxd4
{[%clk 00:38:49]} {[%emt 00:04:53]} b6 {[%clk 00:10:19]} {[%emt 00:01:12]} 21.
Qd2 {[%clk 00:34:29]} {[%emt 00:04:24]} Nd5 {[%clk 00:08:59]} {[%emt 00:01:24]}
22. c4 {[%clk 00:32:31]} {[%emt 00:02:04]} Ne7 {[%clk 00:07:30]} {[%emt
00:01:33]} 23. Rb5 {[%clk 00:31:52]} {[%emt 00:00:45]} Qa3 {[%clk 00:07:22]}
{[%emt 00:00:27]} 24. c5 {[%clk 00:25:52]} {[%emt 00:05:51]} Rhd8 {[%clk
00:06:54]} {[%emt 00:00:48]} 25. cxb6+ {[%clk 00:24:52]} {[%emt 00:00:49]} axb6
{[%clk 00:06:19]} {[%emt 00:00:43]} 26. Qc2+ {[%clk 00:21:55]} {[%emt
00:03:18]} Kb7 {[%clk 00:05:59]} {[%emt 00:00:23]} 27. Rxb6+ {[%clk 00:21:26]}
{[%emt 00:00:25]} Kxb6 {[%clk 00:05:52]} {[%emt 00:00:05]} 28. Rb1+ {[%clk
00:21:22]} {[%emt 00:00:33]} Ka5 {[%clk 00:05:23]} {[%emt 00:00:17]} 29. Qc7+
{[%clk 00:21:16]} {[%emt 00:00:42]} Ka4 {[%clk 00:04:57]} 30. Qc4+ {[%clk
00:21:09]} {[%emt 00:00:12]} Ka5 {[%clk 00:04:56]} {[%emt 00:00:11]} 31. Qb5#
{[%clk 00:21:09]} 1-0